000 00912nam a22002417a 4500
001 47645
003 BD-RjUL
005 20211209054346.0
008 160809s1986 bg ||||| |||| 00| 0 ben d
020 _c: TK 70.00
035 _a(BD-RjUL)47764
040 _aBD-RjUL
_bben
_cBD-RjUL
041 _aben
082 _223
_a637
_bMID 1986
100 _aমিজ্ঞা, মোঃ আবদুল হামিদ
_9144788
245 1 0 _aদুগ্ধ-বিজ্ঞান /
_c মোঃ আবদুল হামিদ মিজ্ঞা
260 _aঢাকা :
_bবাংলা একাডেমী,
_c১৯৮৬
300 _a[১৬], ২৯০ পৃ. :
_bচিত্র ;
_c২১ সেমি.
504 _aগ্রন্থপঞ্জি সম্বলিত
650 _aদুগ্ধ বিজ্ঞান
_9144789
650 _aDairy Science
_9144790
942 _2ddc
_cBK
999 _c47645
_d47645